Life beyond murder: exploring the identity reconstruction of mandatory lifers after release

Gespeichert in:  
Bibliographische Detailangaben
1. VerfasserIn: Rusu, Dan Octavian 1967- (Verfasst von)
Medienart: Druck Buch
Sprache:Englisch
Veröffentlicht: London New York Routledge 2025
In:Jahr: 2025
Online-Zugang: Inhaltsverzeichnis
Bestand in Tübingen:In Tübingen vorhanden.
UB: KB 21 A 4807
Verfügbarkeit prüfen: HBZ Gateway
Subito Bestelldienst: Jetzt bestellen.
Schlagwörter:

MARC

LEADER 00000cam a2200000 c 4500
001 1912176858
003 DE-627
005 20251227183006.0
007 tu
008 241212s2025 xxk||||| 00| ||eng c
010 |a  2024032255 
020 |a 9781032541976  |c hardback  |9 978-1-032-54197-6 
020 |a 9781032541983  |c paperback  |9 978-1-032-54198-3 
035 |a (DE-627)1912176858 
035 |a (DE-599)KXP1912176858 
035 |a (OCoLC)1550579331 
040 |a DE-627  |b ger  |c DE-627  |e rda 
041 |a eng 
044 |c XA-GB 
050 0 |a HV6245 
082 0 |a 364.152/3092  |q DLC  |2 23/eng/20250107 
084 |a 2,1  |2 ssgn 
100 1 |a Rusu, Dan Octavian  |d 1967-  |e VerfasserIn  |0 (DE-588)1200648072  |0 (DE-627)1683805801  |4 aut 
109 |a Rusu, Dan Octavian 1967- 
245 1 0 |a Life beyond murder  |b exploring the identity reconstruction of mandatory lifers after release  |c Dan Gabriel Rusu 
264 1 |a London  |a New York  |b Routledge  |c 2025 
300 |a x, 208 Seiten 
336 |a Text  |b txt  |2 rdacontent 
337 |a ohne Hilfsmittel zu benutzen  |b n  |2 rdamedia 
338 |a Band  |b nc  |2 rdacarrier 
490 0 |a International series on desistance and rehabilitation 
583 1 |a Archivierung/Langzeitarchivierung gewährleistet  |f FID  |x XA-DE-BW  |2 pdager  |5 DE-21 
650 0 |a Murderers  |v Biography  |2 DLC 
776 1 |z 9781003415640  |c ebook 
856 4 2 |u https://swbplus.bsz-bw.de/bsz1912176858inh.htm  |m V:DE-576  |m B:DE-Frei85  |v 20250325193216  |3 Inhaltsverzeichnis  |7 1 
935 |a mkri 
951 |a BO 
ELC |b 1 
LOK |0 000 xxxxxcx a22 zn 4500 
LOK |0 001 4804435603 
LOK |0 003 DE-627 
LOK |0 004 1912176858 
LOK |0 005 20251211152321 
LOK |0 008 251113||||||||||||||||ger||||||| 
LOK |0 040   |a DE-21  |c DE-627  |d DE-21 
LOK |0 852   |a DE-21 
LOK |0 852 1  |c KB 21 A 4807  |9 00 
LOK |0 935   |a krim 
LOK |0 938   |a 2512  |f 34 
LOK |0 939   |a 13-11-25  |b l01 
LOK |0 000 xxxxxcx a22 zn 4500 
LOK |0 001 4635036626 
LOK |0 003 DE-627 
LOK |0 004 1912176858 
LOK |0 005 20250319083618 
LOK |0 008 241212||||||||||||||||ger||||||| 
LOK |0 040   |a DE-Frei85  |c DE-627  |d DE-Frei85 
LOK |0 852   |a DE-Frei85 
LOK |0 852 1  |m p  |9 00 
LOK |0 938   |k p 
LOK |0 939   |a 12-12-24  |b l01 
ORI |a SA-MARC-krimdoka001.raw 
SIG |a UB: KB 21 A 4807